Statistiques concernant Real Madrid - 11 de base durant la finale de C1 2022

Cliquez ici pour prendre le quiz!

Statistiques générales

  • Ce quiz a été pris 363 fois
  • Le résultat moyen est 10 sur 11

Statistiques - réponses

HintRéponse% Correct
BUKarim Benzema
99%
MCLuka Modric
99%
GThibaut Courtois
99%
MCToni Kroos
97%
AGVinicius Junior
96%
DDDani Carvajal
92%
DCÉder Militao
91%
DCDavid Alaba
90%
DGFerland Mendy
90%
ADFede Valverde
85%
MCCarlos Casemiro
82%

Distribution des résultats

Percentile par nombre de réponses

% des personnes avec chaque résultat

Votre développement - résultats

Vous n’avez pas pris ce quiz